| 000 | 01599nam a2200385 a 4500 | ||
|---|---|---|---|
| 005 | 20191224042325.0 | ||
| 008 | 170531t2017 ck abdo|r|||| 00| 0 spa d | ||
| 020 | _a9789585951396 | ||
| 040 |
_aCO-BoIAVH _cCO-BoIAVH |
||
| 041 | 0 | _aspa | |
| 044 | _ack | ||
| 082 | 0 | 4 |
_a305.898 _bM52m |
| 100 | 1 |
_aMendoza Hernández, Delio _eautor |
|
| 245 | 1 | 0 |
_aMoniya ringo. Mujer de abundancia y reproducción : _bEstudio de caso de la chagra de la Gente de Centro, Resguardo Indígena de Monochoa / _cDelio Mendoza Hernández [y otros 6] |
| 250 | _aPrimera edición | ||
| 260 |
_aBogotá (Colombia) : _bInstituto Amazónico de Investigaciones Científicas - Sinchi, _c2017. |
||
| 300 |
_a188 páginas : _bilustraciones a color, mapas, tablas y fotografías a color ; _c24 x 18 cm. |
||
| 500 | _aIncluye glosarios. | ||
| 504 | _aIncluye referencias bibliográficas: páginas 179-181. | ||
| 650 | 2 | 6 | _aCultivos autóctonos |
| 650 | 2 | 6 | _aPapel de la mujer |
| 650 | 2 | 6 |
_aMujeres _xsoberanía alimentaria |
| 650 | 2 | 6 | _aPueblos indígenas |
| 650 | 2 | 6 | _aCultura tradicional |
| 651 | 4 | _aCaquetá (Departamento, Colombia) | |
| 651 | 4 | _aAmazonia (Región, Colombia) | |
| 700 | 1 |
_aRodríguez Uaroke, Octavio _eautor |
|
| 700 | 1 |
_aMendoza Rivera, Cielo _eautora |
|
| 700 | 1 |
_aMendoz Rivera, Eusebio _eautor |
|
| 700 | 1 |
_aGómez, Amalia _eautora |
|
| 700 | 1 |
_aKutdo, Leopoldina _eautora |
|
| 700 | 1 |
_aOrtíz, Jorge _eautor |
|
| 700 | 1 |
_aCrisóstomo, Jesús _eautor |
|
| 942 |
_2ddc _cLIBRO _01 |
||
| 999 |
_c19511 _d19511 |
||